[Event "URS-ch U18"]
[Site "Jurmala"]
[Date "1992.??.??"]
[Round "?"]
[White "Makarjev, Ilja"]
[Black "Onischuk, Alexander"]
[Result "1-0"]
[WhiteElo "2335"]
[BlackElo "2370"]

1.d4 Nf6 2.c4 e6 3.Nc3 Bb4 4.e3 O-O 5.Bd3 c5 6.Nf3 d5 7.O-O cxd4 8.exd4 dxc4
9.Bxc4 b6 10.Bg5 Bxc3 11.bxc3 Nbd7 12.Bd3 Bb7 13.c4 Qe7 14.Re1 Rfe8 15.Rc1 Rac8
16.Qe2 Qd6 17.Rcd1 h6 18.Bc1 Qc6 19.Bd2 e5 20.d5 Qa4 21.Nh4 e4 22.Bb1 Ne5
23.Nf5 Nxc4 24.Bc3 Ne5 25.Qb2 Nc4 26.Qa1 Nh5 27.Nxg7 Nxg7 28.Bxg7 f5 29.Bxh6 Qd7
30.f3 exf3 31.Qf6 Qf7  1-0

[Event "Berliner Sommer"]
[Site "Berlin"]
[Date "1993.??.??"]
[Round "?"]
[White "Onischuk, Alexander"]
[Black "Wegener, Dirk"]
[Result "1-0"]
[WhiteElo "2495"]
[BlackElo "2295"]

1.d4 Nf6 2.c4 g6 3.Nc3 Bg7 4.e4 d6 5.Be2 O-O 6.Bg5 Na6 7.h4 c5 8.d5 Nc7 9.Qd2 e6
10.h5 exd5 11.exd5 b5 12.cxb5 Bb7 13.Bf3 Qd7 14.Nge2 Nxb5 15.Qf4 Nxc3 16.Nxc3 Rfe8+
17.Kf1 Qf5 18.Qxf5 gxf5 19.h6 Bh8 20.Rh4 Rab8 21.Ra4 Ne4 22.Nxe4 fxe4 23.Bxe4 Bxb2
24.Rb1 c4 25.Rxb2 Rxe4 26.Bd2 c3 27.Rxb7 Rxb7 28.Rxe4 f5 29.Re6 cxd2 30.Ke2 Rb4
31.Re7 Rd4 32.Kd1 a5 33.Rg7+ Kh8 34.Rf7 Kg8 35.Rxf5 a4 36.f3 a3 37.g4 Rd3
38.g5 Rd4 39.f4 Rd3 40.Rf6 Rxd5 41.f5 Rd3 42.g6 hxg6 43.fxg6 Rh3 44.g7  1-0

[Event "Berliner Sommer"]
[Site "Berlin"]
[Date "1993.??.??"]
[Round "?"]
[White "Onischuk, Alexander"]
[Black "Maksimenko, Andrei"]
[Result "1-0"]
[WhiteElo "2495"]
[BlackElo "2440"]

1.c4 e6 2.Nc3 d5 3.d4 c6 4.cxd5 exd5 5.Qc2 Bd6 6.Nf3 Ne7 7.Bg5 f6 8.Bh4 Bf5
9.Qd2 Nd7 10.e3 Nb6 11.Bg3 Ng6 12.Bd3 Bxd3 13.Qxd3 O-O 14.Rb1 a5 15.b3 Bb4
16.O-O Qd7 17.Na4 Nxa4 18.bxa4 Rf7 19.Rb3 Nf8 20.a3 Be7 21.Qb1 Bd8 22.Ne1 Ne6
23.Nd3 Qc8 24.Qb2 Ra7 25.Rb1 Rd7 26.Qe2 g6 27.Qg4 f5 28.Qd1 Bc7 29.Qc2 Bxg3
30.hxg3 Re7 31.Ne5 Nd8 32.Qd1 Nf7 33.Nd3 Nd6 34.Ne5 Ne4 35.Qc2 Qe8 36.f3 Nxg3
37.Kf2 f4 38.exf4 Nf5 39.Qc5 b5 40.axb5 a4 41.R3b2 cxb5 42.Rxb5 Rac7  1-0

[Event "Berliner Sommer"]
[Site "Berlin"]
[Date "1993.??.??"]
[Round "?"]
[White "Hennings, Artur"]
[Black "Onischuk, Alexander"]
[Result "0-1"]
[WhiteElo "2365"]
[BlackElo "2495"]

1.e4 e5 2.Nf3 Nc6 3.Bb5 a6 4.Ba4 Nf6 5.O-O b5 6.Bb3 Bb7 7.d3 Be7 8.Nc3 O-O
9.a4 Na5 10.Ba2 b4 11.Ne2 d5 12.Nxe5 dxe4 13.d4 c5 14.c3 cxd4 15.cxd4 Bd5
16.Bxd5 Qxd5 17.Nf4 Qd6 18.Be3 Rac8 19.Qe2 Rc7 20.Rac1 Rfc8 21.Rxc7 Rxc7
22.f3 exf3 23.Qxf3 Nc6 24.Nxc6 Rxc6 25.Nh5 Rc8 26.Nxf6+ Bxf6 27.d5 Rd8 28.Rd1 Bxb2
29.a5 Be5 30.g3 Rc8 31.Bb6 Rc3 32.Qe2 b3 33.Qxa6 b2 34.Qa8+ Qf8 35.Qc6 Rxc6
36.dxc6 Qd6  0-1

[Event "Berliner Sommer"]
[Site "Berlin"]
[Date "1993.??.??"]
[Round "?"]
[White "Stangl, Markus"]
[Black "Onischuk, Alexander"]
[Result "1/2-1/2"]
[WhiteElo "2525"]
[BlackElo "2495"]

1.Nf3 Nf6 2.c4 e6 3.g3 b6 4.Bg2 Bb7 5.O-O Be7 6.Nc3 O-O 7.d4 Na6 8.Bf4 c5
9.d5 d6 10.e4 e5 11.Bd2 Nc7 12.a4 Bc8 13.Ne1 Bg4 14.f3 Bh5 15.Nd3 a6 16.b4 Nd7
17.Bh3 a5 18.b5 h6 19.Qe1 Bg6 20.Qe2 f5 21.exf5 Bxf5 22.Bxf5 Rxf5 23.Ne4 Rf8
24.f4 exf4 25.Nxf4 Bf6 26.Rae1 Bd4+ 27.Be3 Bxe3+ 28.Qxe3 Re8 29.Qc3 Ne5 30.Re2 Nf7
31.Rfe1 Re5 32.Ng6 Re8 33.g4 Qd7 34.Qg3 Rad8 35.g5 hxg5 36.Nxg5 Rxe2 37.Rxe2 Re8
38.Rf2 Ne5 39.Qh4 Qg4+ 40.Qxg4 Nxg4 41.Rf7 Ne5 42.Rxc7 Nxg6 43.Rb7 Ne5 44.Rxb6 Nxc4
45.Rb7 Ne3 46.Rd7 c4 47.Rc7 g6 48.Rc6 Nxd5 49.Rxc4 Nb6 50.Rc6 Nxa4 51.Rxd6 Rb8
52.Rxg6+ Kh8 53.h4 Rxb5 54.h5 Rb6 55.Nf7+  1/2-1/2

[Event "Berliner Sommer"]
[Site "Berlin"]
[Date "1993.??.??"]
[Round "7"]
[White "Onischuk, Alexander"]
[Black "Zagorskis, Darius"]
[Result "1-0"]
[WhiteElo "2495"]
[BlackElo "2425"]

1.c4 Nf6 2.Nc3 d5 3.cxd5 Nxd5 4.g3 g6 5.Bg2 Nxc3 6.bxc3 Bg7 7.Rb1 Nd7 8.Nf3 O-O
9.O-O c5 10.c4 Qc7 11.d3 Rb8 12.Qd2 b6 13.Qf4 e5 14.Qh4 Bb7 15.Ng5 h6 16.Ne4 f5
17.Nc3 Bxg2 18.Kxg2 g5 19.Qh5 Qd6 20.Nd5 Rbe8 21.h4 gxh4 22.Qxh4 Kh7 23.e4 Nf6
24.f3 Nxd5 25.cxd5 f4 26.g4 Bf6 27.Qh5 Bg5 28.Bd2 Rb8 29.a4 Kg7 30.Be1 Rfc8
31.Bf2 Qg6 32.Rfc1 Qd6 33.Rc2 Rc7 34.Rbc1 Rbc8 35.Kf1 a6 36.Rb1 Rb8 37.Rcb2 Rcb7
38.Bh4 Qf6 39.Bxg5 Qxg5 40.a5 b5 41.Rc1 Rc8 42.Qxg5+ hxg5 43.Rbc2 Rbc7 44.Ke2 Kf6
45.Rh1 Kg6 46.Kd1 Rh7 47.Rxh7 Kxh7 48.d6 Rd8 49.Rxc5 Rxd6 50.Kd2 Re6 51.d4 exd4
52.Kd3 Kg6 53.e5 Kf7 54.Kxd4 Re8 55.Ke4 Rb8 56.Rc6  1-0

[Event "Budapest FS07 GM"]
[Site "Budapest"]
[Date "1993.??.??"]
[Round "1"]
[White "Vescovi, Giovanni"]
[Black "Onischuk, Alexander"]
[Result "0-1"]
[WhiteElo "2340"]
[BlackElo "2495"]

1.e4 e5 2.Nc3 Nf6 3.f4 d5 4.fxe5 Nxe4 5.Nf3 Nc6 6.d3 Nxc3 7.bxc3 d4 8.Bb2 Bc5
9.cxd4 Nxd4 10.c3 Nxf3+ 11.Qxf3 O-O 12.d4 Bb6 13.Bd3 c5 14.Qe4 g6 15.O-O Be6
16.Kh1 cxd4 17.cxd4 Qd5 18.Qh4 Rad8 19.Rf4 Qa5 20.Rd1 Rd7 21.Qh6 Bd8 22.h4 f5
23.exf6 Rxf6 24.Rxf6 Bxf6 25.d5 Bxb2 26.dxe6 Rxd3 27.Rf1 Qd8 28.Qf4 Qe7  0-1

[Event "Budapest FS07 GM"]
[Site "Budapest"]
[Date "1993.??.??"]
[Round "3"]
[White "Zifroni, Dov"]
[Black "Onischuk, Alexander"]
[Result "1-0"]
[WhiteElo "2415"]
[BlackElo "2495"]

1.e4 e5 2.Nf3 Nc6 3.Nc3 Nf6 4.d4 exd4 5.Nxd4 Bb4 6.Nxc6 bxc6 7.Bd3 d5 8.exd5 cxd5
9.O-O O-O 10.Bg5 c6 11.Na4 Be7 12.c4 Be6 13.Rc1 Qa5 14.Bd2 Qc7 15.cxd5 Bxd5
16.Bc4 Rad8 17.Bxd5 Rxd5 18.Nc3 Rh5 19.h3 Rd8 20.Rc2 Bc5 21.Qf3 Qd7 22.Bf4 Bd4
23.Rd2 Ra5 24.Rfd1 c5 25.Ne2 Qe8 26.b4 Rxa2 27.Rxa2 Bxf2+ 28.Qxf2 Rxd1+ 29.Kh2 cxb4
30.Qxa7 h6 31.Qb7 Qe6 32.Rb2 Nd5 33.Qb8+ Kh7 34.Qe5 Nxf4 35.Qxf4 b3 36.Ng3 g6
37.Re2 Qd5 38.Qf6 b2 39.Re8  1-0

[Event "Budapest FS07 GM"]
[Site "Budapest"]
[Date "1993.??.??"]
[Round "4"]
[White "Onischuk, Alexander"]
[Black "Gross, Stefan"]
[Result "1-0"]
[WhiteElo "2495"]
[BlackElo "2330"]

1.d4 Nf6 2.c4 g6 3.Nc3 Bg7 4.e4 d6 5.Be2 O-O 6.Bg5 a6 7.Qd2 c5 8.dxc5 dxc5
9.Qxd8 Rxd8 10.e5 Nfd7 11.e6 fxe6 12.Bxe7 Re8 13.Bg5 h6 14.Bh4 Nc6 15.Nf3 Nd4
16.Nxd4 Bxd4 17.O-O-O Rf8 18.Rhe1 Ra7 19.Bg3 Nf6 20.Bf3 Nh5 21.Ne2 Nxg3 22.Nxd4 cxd4
23.hxg3 Rd8 24.Re4 d3 25.Re3 b5 26.Rexd3 Rxd3 27.Rxd3 Rc7 28.Rc3 Rxc4 29.Rxc4 bxc4
30.Kd2 Kf7 31.Kc3 Ke7 32.Kxc4 Kd6 33.Kb4 h5 34.Ka5 Kc5 35.b4+ Kd4 36.a4 e5
37.Be2 Bb7 38.f3 e4 39.fxe4 Bxe4 40.Kxa6 Bxg2 41.b5 Ke3 42.Bc4 g5 43.b6  1-0

[Event "Budapest FS07 GM"]
[Site "Budapest"]
[Date "1993.??.??"]
[Round "6"]
[White "Onischuk, Alexander"]
[Black "Fogarasi, Tibor"]
[Result "1-0"]
[WhiteElo "2495"]
[BlackElo "2440"]

1.c4 Nf6 2.Nc3 d5 3.cxd5 Nxd5 4.g3 e5 5.Bg2 Nb6 6.Nf3 Nc6 7.O-O Be7 8.d3 O-O
9.Be3 Kh8 10.a3 f5 11.Rc1 Bf6 12.Bc5 Re8 13.b4 Be6 14.Nd2 Nd5 15.Nxd5 Bxd5
16.e4 fxe4 17.Nxe4 Be7 18.Be3 Nd4 19.Qh5 c6 20.Kh1 a5 21.Qxe5 Nb3 22.Rb1 Bxb4
23.Qh5 Be7 24.Nc3 Bxg2+ 25.Kxg2 a4 26.Nxa4 Qxd3 27.Nb6 Rad8 28.Rfd1 Qe4+
29.Qf3 Nc5 30.a4 Qxf3+ 31.Kxf3 Rxd1 32.Rxd1 Kg8 33.Rb1 Rf8+ 34.Ke2 Ne4 35.Rb3 Rf5
36.Nc8 Bf8 37.Rxb7 Nc3+ 38.Kd3 Nxa4 39.Kc4 Rd5 40.Bd4 Nc5 41.Ne7+ Bxe7 42.Rxe7 Nb3
43.Rxg7+ Kf8 44.Kxb3 Rxd4 45.Rxh7 Kg8 46.Rh4 Rd2 47.Rf4 c5 48.h4 Kg7 49.g4 Rd1
50.h5 Rc1 51.Rc4 Rf1 52.f4 Kh6 53.Ka4 Rg1 54.f5 Rb1 55.Rxc5 Kg5 56.Rc4 Rb8
57.Rb4 Rd8 58.Kb5 Rc8 59.Rc4 Rb8+ 60.Kc5 Rd8 61.Rd4 Re8 62.Kd5 Kf6 63.h6 Kg5
64.h7 Kf6 65.Ra4 Kg7 66.g5 Kxh7 67.Ra7+ Kg8 68.f6 Re1 69.Re7 Rg1 70.Rg7+ Kh8
71.Ra7 Rxg5+ 72.Ke6 Rg8 73.Ra1 Rb8 74.Kf7 Rb7+ 75.Kg6  1-0

[Event "Budapest FS07 GM"]
[Site "Budapest"]
[Date "1993.??.??"]
[Round "10"]
[White "Velicka, Petr"]
[Black "Onischuk, Alexander"]
[Result "0-1"]
[WhiteElo "2420"]
[BlackElo "2495"]

1.e4 e5 2.Nf3 Nc6 3.Bb5 a6 4.Ba4 Nf6 5.O-O b5 6.Bb3 Bb7 7.Re1 Bc5 8.c3 d6
9.d3 O-O 10.Bg5 h6 11.Bh4 g5 12.Bg3 Bb6 13.Nbd2 Na5 14.Bc2 c5 15.Nf1 Nc6
16.Ne3 Bc8 17.h4 g4 18.Nh2 h5 19.Qd2 Kh7 20.Nhf1 Ne7 21.a4 Bd7 22.axb5 axb5
23.Rxa8 Qxa8 24.Nd5 Nfxd5 25.Qg5 Ng6 26.Qxh5+ Kg7 27.exd5 Rh8 28.Qg5 f6 29.Qd2 f5
30.d4 exd4 31.cxd4 cxd4 32.Ne3 Qf8  0-1

[Event "Cuxhaven op"]
[Site "Cuxhaven"]
[Date "1993.??.??"]
[Round "2"]
[White "Onischuk, Alexander"]
[Black "Gross, Dav"]
[Result "1-0"]
[WhiteElo "2495"]
[BlackElo "2270"]

1.d4 Nf6 2.c4 g6 3.Nc3 Bg7 4.e4 d6 5.Be2 O-O 6.Bg5 Na6 7.Qd2 e5 8.d5 Qe8
9.Bd1 Nc5 10.Bc2 a5 11.Nge2 Bd7 12.f3 Rb8 13.a4 Nh5 14.g4 Nf4 15.Nxf4 exf4
16.Bxf4 f5 17.gxf5 Rxf5 18.O-O Rh5 19.Bg3 g5 20.Rae1 Bh3 21.Rf2 Nd7 22.Nb5 Ne5
23.Nxc7 Qf7 24.Ne6 Bxe6 25.dxe6 Qxe6 26.Qd5 Qxd5 27.cxd5 Nf7 28.Kg2 Bxb2
29.Bd1 Bc3 30.Rh1 Rh6 31.Rc2 Be5 32.Be2 Bxg3 33.hxg3 Rxh1 34.Kxh1 Kg7 35.Rc7 Kg6
36.Kg2 Ne5 37.f4 gxf4 38.gxf4 Nf7 39.Kg3 h6 40.Re7 Kf6 41.Re6+ Kg7 42.Bh5 Rg8
43.Kf3  1-0

[Event "Cuxhaven op"]
[Site "Cuxhaven"]
[Date "1993.??.??"]
[Round "3"]
[White "Schaefer, Markus"]
[Black "Onischuk, Alexander"]
[Result "1/2-1/2"]
[WhiteElo "2455"]
[BlackElo "2495"]

1.e4 e5 2.Nf3 Nc6 3.c3 Nf6 4.d4 Nxe4 5.d5 Ne7 6.Nxe5 Ng6 7.Qf3 Nf6 8.Nxg6 hxg6
9.Bf4 Qe7+ 10.Be2 d6 11.c4 Bg4 12.Qe3 Bxe2 13.Kxe2 Kd7 14.Nd2 Re8 15.Kf3 Rh5
16.h3 Qxe3+ 17.Bxe3 Rf5+ 18.Ke2 Rfe5 19.Kd3 Ne4 20.Nxe4 Rxe4 21.Rhe1 R4e5
22.Bd2 Be7 23.Bc3 Rf5 24.f3 Bh4 25.Rxe8 Kxe8 26.a4 Kd7 27.b4  1/2-1/2

[Event "Cuxhaven op"]
[Site "Cuxhaven"]
[Date "1993.??.??"]
[Round "4"]
[White "Onischuk, Alexander"]
[Black "Voekler, Bernd"]
[Result "1-0"]
[WhiteElo "2495"]
[BlackElo "2335"]

1.c4 c5 2.Nc3 g6 3.g3 Bg7 4.Bg2 Nc6 5.a3 a5 6.e3 e5 7.Nge2 Nge7 8.Nb5 O-O
9.Nec3 f5 10.Nd6 Rf6 11.Ncb5 Na7 12.d4 cxd4 13.exd4 Nxb5 14.Nxb5 exd4 15.O-O Qb6
16.Bf4 d6 17.Qxd4 Qxd4 18.Nxd4 Bd7 19.Rfe1 Kf8 20.Re2 Nc6 21.Rd1 Re8 22.Rxe8+ Bxe8
23.Nxc6 Bxc6 24.Bxd6+ Ke8 25.Bxc6+ bxc6 26.Re1+ Kd7 27.Be5 Rf7 28.Bxg7 Rxg7
29.Re5  1-0

[Event "Cuxhaven op"]
[Site "Cuxhaven"]
[Date "1993.??.??"]
[Round "7"]
[White "Dokhoian, Yury"]
[Black "Onischuk, Alexander"]
[Result "1/2-1/2"]
[WhiteElo "2550"]
[BlackElo "2495"]

1.d4 Nf6 2.c4 e6 3.Nf3 b6 4.g3 Ba6 5.b3 Bb7 6.Bg2 Bb4+ 7.Bd2 a5 8.O-O O-O
9.Nc3 Re8 10.Qc2 Bxc3 11.Bxc3 Be4 12.Qd1 d6 13.Re1 Nbd7 14.Bh3 e5 15.Nd2 Bg6
16.Bg2 e4 17.Nf1 d5 18.Ne3 c6 19.a4 Nf8 20.f4 exf3 21.exf3 Qd7 22.Qd2 h6
23.Re2 Ne6 24.cxd5 cxd5 25.Ree1 Nc7 26.Bf1 Rec8 27.Bb2 Nce8 28.Rec1 Nd6 29.Rxc8+ Rxc8
30.Rc1 Rxc1 31.Qxc1 Qc8 32.Qxc8+ Nxc8 33.Ba6 Nd6 34.g4 Kf8 35.h4 Ke8 36.Kf2 Kd7
37.g5 hxg5 38.hxg5 Nfe8 39.Nxd5 Nc7 40.Nxc7 Kxc7 41.Ba3 Nf5 42.Bc4 Nxd4 43.Bb2 Ne6
44.f4 Bc2 45.Ke3 Kc6 46.Be5 Kc5 47.Kd2 Bf5 48.Kc3 f6 49.gxf6 gxf6 50.Bxf6 Nxf4
51.Bd4+ Kc6 52.Bb5+ Kb7 53.Be5 Nd5+ 54.Kd4 Nc7 55.Be2 Ne6+ 56.Kc4 Be4 57.b4 axb4
58.Kxb4 Bc6 59.a5 bxa5+ 60.Kxa5  1/2-1/2

[Event "Cuxhaven op"]
[Site "Cuxhaven"]
[Date "1993.??.??"]
[Round "8"]
[White "Dobosz, Henryk"]
[Black "Onischuk, Alexander"]
[Result "1/2-1/2"]
[WhiteElo "2430"]
[BlackElo "2495"]

1.d4 Nf6 2.Nf3 e6 3.e3 b6 4.Bd3 Bb7 5.O-O Be7 6.c4 O-O 7.b3 d5 8.Bb2 c5 9.Nbd2 cxd4
10.exd4 Nc6 11.Rc1 Rc8 12.Re1 Qd6 13.Ne5 dxc4 14.Ndxc4 Qd8 15.a3 g6 16.Ne3 Nxe5
17.dxe5 Rxc1 18.Qxc1 Nd5 19.Nc4 Nf4 20.Qxf4 Qxd3 21.b4 g5 22.Qd4 Qxd4 23.Bxd4 Rd8
24.Rd1 Bc6 25.f3 Ba4 26.Rd2 Bb5 27.Nd6 Bxd6 28.exd6 Rxd6 29.Be3 Rxd2 30.Bxd2 f6
31.h4 gxh4 32.Kh2 Kf7 33.Be1 e5 34.Bxh4 f5 35.Bd8 Ke6 36.Bc7 e4 37.fxe4 fxe4
38.Kg3 e3 39.Kf3 e2 40.Kf2 Bd3 41.Bb8 Kd7 42.a4 Kc6 43.a5 Kb7  1/2-1/2

[Event "Dortmund op-A"]
[Site "Dortmund"]
[Date "1993.??.??"]
[Round "1"]
[White "Roesemann, Rainer"]
[Black "Onischuk, Alexander"]
[Result "0-1"]
[WhiteElo "2195"]
[BlackElo "2420"]

1.c4 e6 2.Nf3 d5 3.g3 Nf6 4.Bg2 dxc4 5.Qa4+ c6 6.Qxc4 b5 7.Qc2 Bb7 8.d4 Nbd7
9.O-O c5 10.dxc5 Bxc5 11.a3 Rc8 12.Qd3 Qb6 13.Nc3 Ng4 14.e3 Bxf3 15.Bxf3 Nge5
16.Qe2 Nxf3+ 17.Qxf3 O-O 18.Ne4 Be7 19.Bd2 Ne5 20.Qh5 f5 21.Bc3 Qb8 22.f4 Nf7
23.Ng5 Nxg5 24.fxg5 Qb6 25.Rae1 g6 26.Qh6 Rf7 27.Rf4 Bf8 28.Qh4 Bc5 29.Kf2 Qd6
30.Bb4 e5 31.Rf3 e4 32.Rf4 Bxb4 33.axb4 Rc2+ 34.Re2 Rxe2+ 35.Kxe2 Rc7 36.Rxe4 Rc2+  0-1

[Event "Dortmund op-A"]
[Site "Dortmund"]
[Date "1993.??.??"]
[Round "2"]
[White "Onischuk, Alexander"]
[Black "Dietrich, Ralf"]
[Result "1-0"]
[WhiteElo "2420"]
[BlackElo "2295"]

1.d4 Nf6 2.c4 g6 3.Nc3 Bg7 4.e4 d6 5.Be2 O-O 6.Bg5 c5 7.d5 h6 8.Be3 e6 9.h3 exd5
10.exd5 Re8 11.Nf3 Bf5 12.Bd3 Ne4 13.Nxe4 Bxe4 14.O-O Bxf3 15.Qxf3 Nd7 16.Qd1 Ne5
17.Be2 Qh4 18.Qb3 f5 19.Rae1 f4 20.Bc1 Re7 21.Bd1 Rf8 22.Re4 g5 23.Bg4 Nxg4
24.Rxe7 Nxf2 25.Rxf2 Bd4 26.Qc2 Rf5 27.Re4  1-0

[Event "Dortmund op-A"]
[Site "Dortmund"]
[Date "1993.??.??"]
[Round "5"]
[White "Onischuk, Alexander"]
[Black "Metz, Hartmut"]
[Result "1/2-1/2"]
[WhiteElo "2420"]
[BlackElo "2270"]

1.d4 c6 2.c4 d5 3.Nc3 Nf6 4.e3 Bf5 5.cxd5 cxd5 6.Qb3 Bc8 7.Nf3 e6 8.Ne5 Be7
9.Bd3 O-O 10.O-O Nc6 11.f4 Nd7 12.Bd2 f5 13.Rac1 Ndxe5 14.dxe5 Na5 15.Qc2 Bd7
16.b3 Rc8 17.Qb1 Qb6 18.Ne2 Nc6 19.Rf3 Nb4 20.Nd4 Rxc1+ 21.Bxc1 Qa5 22.a4 Nxd3
23.Qxd3 Rc8 24.Bd2 Qb6 25.h3 Bc5 26.Ne2 Qc7 27.Rf1 Bb6 28.Rc1 Qd8 29.Bc3 a6
30.Bd4 Rxc1+ 31.Nxc1 Ba5 32.Bc3 Bb6 33.Ne2 Bc5 34.Kf2 Qc8 35.Qd2 b5 36.a5 Be8
37.Qc1 Be7 38.Bd2 Qxc1 39.Nxc1 Kf7 40.Nd3 Bd7 41.Bb4 Bd8 42.Ke2 Bc8 43.Ne1 Bb7
44.Nf3 d4 45.exd4 Bd5 46.g4 g6 47.Nd2 Bg2 48.gxf5 gxf5 49.Nf3 Bxh3 50.Ne1 Bg4+
51.Ke3 h5 52.Nd3 h4 53.Kf2 h3 54.Kg3 Bh4+ 55.Kh2 Be2 56.Nc5 Bg4 57.Nxa6 Bf2
58.Bd2 Kg6 59.Nc5 Kh5 60.Nd3 Bxd4 61.Ne1 Bf2 62.a6 Bxe1 63.Bxe1 Bf3 64.Kxh3 Bd5
65.Kg3 Bxb3 66.Kf3 Bd5+ 67.Ke3 Kg4 68.a7 Kh5 69.Bb4 Kg4 70.Bd2 Kg3  1/2-1/2

[Event "Dortmund op-A"]
[Site "Dortmund"]
[Date "1993.??.??"]
[Round "6"]
[White "Brendel, Oliver"]
[Black "Onischuk, Alexander"]
[Result "0-1"]
[WhiteElo "2355"]
[BlackElo "2420"]

1.e4 e5 2.Nf3 Nc6 3.Bb5 a6 4.Ba4 Nf6 5.d4 b5 6.dxe5 Nxe4 7.Bb3 Nc5 8.Bd5 Be7
9.O-O O-O 10.Nd4 Bb7 11.Nxc6 dxc6 12.Bf3 Ne6 13.Nc3 Qc8 14.Be3 Rd8 15.Qe2 c5
16.Rad1 Nd4 17.Bxd4 cxd4 18.Bg4 Qb8 19.Ne4 c5 20.f4 Bd5 21.Rf3 Qb7 22.Rh3  0-1

[Event "Dortmund op-A"]
[Site "Dortmund"]
[Date "1993.??.??"]
[Round "8"]
[White "Maljutin, Evgeni"]
[Black "Onischuk, Alexander"]
[Result "0-1"]
[WhiteElo "2505"]
[BlackElo "2420"]

1.e4 e5 2.Nf3 Nc6 3.Nc3 Nf6 4.d4 exd4 5.Nxd4 Bb4 6.Nxc6 bxc6 7.Bd3 d5 8.exd5 cxd5
9.Bb5+ Bd7 10.Qe2+ Be7 11.Bxd7+ Qxd7 12.O-O O-O 13.Rd1 Rfe8 14.Qf3 c6 15.Bg5 h6
16.Bxf6 Bxf6 17.Na4 Rab8 18.Rab1 Qe7 19.g3 Qb4 20.b3 Qa3 21.Qf5 Qxa2 22.Nc5 Re5
23.Qd3 Re7 24.Qf5 Rd8 25.c4 Re5 26.Qd3 dxc4 27.Qxc4 Red5 28.Rf1 Rd4 29.Qc3 Rd2
30.Qf3 Rxf2 31.Rxf2 Qxb1+ 32.Kg2 Qd1 33.Qxc6 Bd4 34.Ra2 Qg1+ 35.Kh3  0-1

[Event "Dortmund op-A"]
[Site "Dortmund"]
[Date "1993.??.??"]
[Round "10"]
[White "Onischuk, Alexander"]
[Black "Smagin, Sergey"]
[Result "1-0"]
[WhiteElo "2420"]
[BlackElo "2520"]

1.d4 Nf6 2.c4 e6 3.Nc3 d5 4.cxd5 exd5 5.Bg5 Be7 6.e3 Nbd7 7.Nf3 Nb6 8.Qc2 Be6
9.Bd3 h6 10.Bf4 c6 11.O-O Nc4 12.Ne5 Nd6 13.f3 Rc8 14.Rad1 O-O 15.g4 Nd7
16.Bg3 c5 17.Qe2 cxd4 18.exd4 Nxe5 19.dxe5 Nc4 20.Kh1 d4 21.Qe4 g6 22.Bxc4 Bxc4
23.Rfe1 dxc3 24.Rxd8 Rfxd8 25.bxc3 Bd5 26.Qe3 Bc5 27.Qe2 Bb6 28.Rd1 Rxc3
29.Rxd5 Rxd5 30.e6 Kf8 31.Bf4 g5 32.exf7 Kxf7 33.Qe4 Rcd3 34.Be5 Rd1+ 35.Kg2 Rd7
36.Qf5+ Ke8 37.Bf6 Rf7 38.Qe6+ Kf8 39.Qc8+ Bd8 40.Bxd8 Kg7 41.Qc3+ Kg8 42.Bf6 Rfd7
43.Qe5  1-0

[Event "BL2-N9293"]
[Site "Germany"]
[Date "1993.??.??"]
[Round "?"]
[White "Onischuk, Alexander"]
[Black "Nagatz, Frank"]
[Result "1-0"]
[WhiteElo "2420"]
[BlackElo "2270"]

1.d4 Nf6 2.c4 e6 3.Nc3 Bb4 4.Qc2 O-O 5.a3 Bxc3+ 6.Qxc3 b6 7.Bg5 Bb7 8.f3 d5
9.Nh3 h6 10.Bxf6 Qxf6 11.cxd5 exd5 12.Qxc7 Ba6 13.Qf4 Qe7 14.Kf2 Re8 15.Re1 g5
16.Qd2 Nc6 17.e3 Bxf1 18.Rhxf1 Qf6 19.Kg1 Rad8 20.Nf2 Na5 21.Ng4 Qg7 22.Qd3 h5
23.Nf2 Nc4 24.b3 Nxa3 25.Ra1 Qf8 26.Nh3 Qe7 27.Qf5 Qxe3+ 28.Kh1 Nb5 29.Nxg5 Nd6
30.Qh7+ Kf8 31.Qxh5 a5 32.Rae1 Qxd4 33.Qh6+ Kg8 34.Rxe8+ Rxe8 35.Qxd6 Qf2
36.Rg1 Re1 37.Nh3 Rxg1+ 38.Nxg1 d4 39.f4 Qd2 40.h3 d3 41.Nf3 Qd1+ 42.Kh2 Qxb3
43.f5 a4 44.f6 Qc4 45.Qg3+  1-0

[Event "BL2-N9293"]
[Site "Germany"]
[Date "1993.??.??"]
[Round "?"]
[White "Onischuk, Alexander"]
[Black "Meyer, Claus Dieter"]
[Result "1-0"]
[WhiteElo "2420"]
[BlackElo "2325"]

1.d4 Nf6 2.c4 d6 3.Nc3 Nbd7 4.Nf3 e5 5.g3 c6 6.Bg2 Be7 7.Qc2 O-O 8.O-O Qc7
9.b3 Re8 10.Bb2 Bf8 11.Rac1 a6 12.Rfd1 Qa5 13.dxe5 dxe5 14.Ng5 h6 15.Nge4 Qc7
16.Qd2 Nxe4 17.Nxe4 Nc5 18.Nd6 Bxd6 19.Qxd6 Qxd6 20.Rxd6 a5 21.Ba3 Na6 22.Rcd1 Nb4
23.R1d2 Bf5 24.e4 Be6 25.f4 f6 26.f5 Bf7 27.Rd7 Rab8 28.Bf3 Rec8 29.Re7 Re8
30.Bxb4 axb4 31.Rc7 Rec8 32.Rxc8+ Rxc8 33.Rd7 Rb8 34.Kf2 c5 35.Ke3 Kf8 36.Rc7 b6
37.Ra7 Rd8 38.Be2 Ke8 39.Rb7 Rd6 40.g4 Kf8 41.Rb8+ Ke7 42.Rb7+ Kf8 43.h4 Be8
44.Bf3 Bf7 45.Be2 Be8 46.Bd3 Bf7 47.Ra7 Be8 48.a3 bxa3 49.Rxa3 Bc6 50.Ra7 Be8
51.Rb7 Bf7 52.Kd2 Be8 53.Kc3 Bf7 54.Bc2 Rc6 55.Rd7 Be8 56.Ra7 Bf7 57.Rd7 Be8
58.Rd1 Bf7 59.Bd3 Rd6 60.Rb1 Ke7 61.b4 cxb4+ 62.Rxb4 Rc6 63.Rb5 Kd6 64.Be2 Kc7
65.g5 hxg5 66.hxg5 Rc5 67.Rb1 Be8 68.Rh1 Kd6 69.Rh8 Bc6 70.Bd3 b5 71.gxf6 gxf6
72.Rh6 bxc4 73.Rxf6+ Ke7 74.Re6+ Kd7 75.Bc2 Bb7 76.Ba4+  1-0

[Event "BL2-N9293"]
[Site "Germany"]
[Date "1993.??.??"]
[Round "?"]
[White "Onischuk, Alexander"]
[Black "Kauschmann, Herbert"]
[Result "1-0"]
[WhiteElo "2375"]
[BlackElo "2220"]

1.c4 g6 2.Nc3 Bg7 3.d4 d6 4.e4 Nc6 5.d5 Nd4 6.Be3 e5 7.dxe6 Nxe6 8.Bd3 Nf6
9.f3 O-O 10.Nge2 c6 11.Bc2 Qe7 12.Qd2 Rd8 13.Rd1 b6 14.O-O Bb7 15.Nd4 Nc7
16.Rfe1 Nd7 17.Qe2 Nc5 18.b4 N5e6 19.Qf2 Qf8 20.Nce2 d5 21.c5 bxc5 22.bxc5 Nxc5
23.Nf5 N5e6 24.Nxg7 Kxg7 25.Nd4 Kg8 26.Qh4 Nxd4 27.Bxd4 Ne6 28.Bf2 dxe4 29.Bxe4 a5
30.Qf6 Rxd1 31.Rxd1 a4 32.Rd7 Rb8 33.h4 Ba8 34.Bg3 Rc8 35.Be5 Qg7 36.Qxe6  1-0

[Event "BL2-N9293"]
[Site "Germany"]
[Date "1993.??.??"]
[Round "?"]
[White "Onischuk, Alexander"]
[Black "Heinig, Wolfram"]
[Result "1-0"]
[WhiteElo "2420"]
[BlackElo "2315"]

1.d4 Nf6 2.c4 d6 3.Nc3 Nbd7 4.e4 e5 5.Nf3 g6 6.Be2 Bg7 7.O-O O-O 8.Be3 Ng4
9.Bg5 f6 10.Bd2 Nh6 11.d5 Qe7 12.b4 f5 13.Ng5 Nf6 14.c5 Nf7 15.Nxf7 Rxf7
16.cxd6 cxd6 17.f3 Qf8 18.Rc1 Bd7 19.a4 Bh6 20.exf5 Bxd2 21.Qxd2 Bxf5 22.Bd3 Bxd3
23.Qxd3 Rc7 24.Nb5 Rxc1 25.Rxc1 Nh5 26.Rc4 Nf4 27.Qe4 a6 28.Nc7 Rc8 29.b5 axb5
30.axb5 Qf5 31.b6 Qxe4 32.fxe4 Nd3 33.Rc3 Nb2 34.Rc6 bxc6 35.b7 Rb8 36.dxc6 Nd3
37.Na6  1-0

[Event "BL2-N9293"]
[Site "Germany"]
[Date "1993.??.??"]
[Round "?"]
[White "Lorenz, Sascha"]
[Black "Onischuk, Alexander"]
[Result "1-0"]
[WhiteElo "2300"]
[BlackElo "2375"]

1.e4 e5 2.Nf3 Nc6 3.Bb5 a6 4.Bxc6 dxc6 5.O-O f6 6.d4 exd4 7.Nxd4 c5 8.Nb3 Qxd1
9.Rxd1 Bg4 10.f3 Be6 11.Be3 b6 12.a4 Kf7 13.Nc3 Ne7 14.a5 c4 15.Nd4 b5 16.Bf4 Rc8
17.Nxe6 Kxe6 18.Nd5 Nxd5 19.Rxd5 c6 20.Rd2 Bb4 21.c3 Bc5+ 22.Kf1 Rhd8 23.Rad1 Be7
24.Be3 Rxd2 25.Rxd2 Rd8 26.Rxd8 Bxd8 27.Bb6 Be7 28.Ke2 c5 29.Ke3 f5 30.exf5+ Kxf5
31.Bc7 h5 32.g3 g6 33.h3 Ke6 34.Ke4 Bf6 35.f4 Kd7 36.Be5 Bd8 37.Kd5 Bxa5
38.Kxc5 Bd8 39.g4 hxg4 40.hxg4 Ke6 41.Kc6 g5 42.Bc7 Bf6 43.f5+ Ke7 44.Bd6+ Ke8
45.Bc5 Bd8 46.Kb7 a5 47.Kc6 b4 48.Kb5 bxc3 49.bxc3 Kd7 50.Kxc4 Kc6 51.Bd4 a4
52.Kb4 Kd5 53.Bg7 Ke4 54.f6  1-0

[Event "BL2-N9293"]
[Site "Germany"]
[Date "1993.??.??"]
[Round "?"]
[White "Glienke, Manfred"]
[Black "Onischuk, Alexander"]
[Result "0-1"]
[WhiteElo "2280"]
[BlackElo "2375"]

1.f4 d5 2.Nf3 Nf6 3.e3 c5 4.Be2 g6 5.O-O Bg7 6.d4 b6 7.Ne5 O-O 8.Nc3 Bb7
9.Bd2 Nbd7 10.Be1 cxd4 11.exd4 Ne4 12.Nxe4 dxe4 13.c3 Nxe5 14.fxe5 f6 15.Qb3+ Kh8
16.Bg3 h6 17.h4 Qc7 18.Kh2 fxe5 19.Rf7 Rxf7 20.Qxf7 Qd6 21.h5 Bd5 22.Qxg7+ Kxg7
23.Bxe5+ Qxe5+ 24.dxe5 Rf8 25.c4 Be6 26.b3 Rf5 27.Kg3 gxh5 28.Rh1 Kg6 29.Bd1 Bd7
30.e6 Bxe6 31.Bc2 Rg5+ 32.Kf2 Bf5 33.Bb1 Kf6 34.Re1 Ke5 35.g3 Rg4 36.Rh1 Bg6
37.Rh2 e3+ 38.Kf3 Bxb1 39.Rxh5+ Rg5  0-1

[Event "BL2-N9293"]
[Site "Germany"]
[Date "1993.??.??"]
[Round "?"]
[White "Blauert, Joerg"]
[Black "Onischuk, Alexander"]
[Result "0-1"]
[WhiteElo "2395"]
[BlackElo "2420"]

1.e4 e5 2.Nf3 Nc6 3.Bb5 a6 4.Bxc6 dxc6 5.O-O f6 6.d4 exd4 7.Nxd4 c5 8.Nb3 Qxd1
9.Rxd1 Bg4 10.f3 Be6 11.Be3 b6 12.a4 Kf7 13.Nc3 Bd6 14.a5 c4 15.Nd4 b5 16.f4 Ne7
17.e5 fxe5 18.fxe5 Bxe5 19.Rf1+ Bf6 20.Bg5 Bd5 21.Nf5 Nxf5 22.Bxf6 Ne3 23.Nxd5 Nxd5
24.Be5+ Nf6 25.Bxc7 Ra7 26.Bb6 Re7 27.Rad1 Rhe8 28.Rd6 Re2 29.Rd7+ Kg6 30.Ra7 Rxc2
31.Rxa6 Re6 32.Ra8 Ree2 33.Bf2 Ne4 34.Rf8 Rxb2 35.a6 Nxf2 36.R8xf2 Rxf2 37.Rxf2 c3
38.a7 Rb1+ 39.Rf1 c2 40.a8=Q Rxf1+ 41.Kxf1 c1=Q+ 42.Ke2 Qc4+ 43.Ke3 Qe6+
44.Kd4 Qc4+ 45.Ke3 h6 46.Qe8+ Kh7 47.Qd7 Qc3+ 48.Kf4 Qf6+ 49.Ke3 Qg5+ 50.Kf3 b4
51.g4 Qg6 52.Qd1 Qc6+ 53.Kf2 Qc4 54.Qb1+ Kg8 55.Kg3 b3 56.g5 Qc2 57.Qe1 Qg6  0-1